| 000 | 01812nam0a2200337 i 4500 | ||
|---|---|---|---|
| 001 | RU\NLR\BIBL_A\011538106 | ||
| 005 | 20240921210427.0 | ||
| 010 |
_a9785878517591 _9100 |
||
| 021 |
_aRU _b2017-83879 _95983 |
||
| 035 | _a(RuMoRGB)009442969 | ||
| 035 | _a(NLR Aleph) 011538106 | ||
| 090 |
_a12181058 _c12181058 |
||
| 100 | _a20171123d2017 km y0rusy50 ca | ||
| 101 | 0 | _arus | |
| 102 | _aRU | ||
| 105 | _aa|||j|||000zy | ||
| 200 | 1 |
_aОбработка осадков городских сточных вод _eучебное пособие _e[для студентов направления 08.03.01 "Строительство" (профиль "Водоснабжение и водоотведение")] _fА. А. Кулаков, Е. А. Латышева, О. А. Глебова, Е. М. Терехова _gМинистерство образования и науки Российской Федерации, Вологодский государственный университет |
|
| 210 |
_aВологда _cВоГУ _d2017 |
||
| 215 |
_a75 с. _cил., табл. _d20 |
||
| 320 | _aБиблиогр.: с. 74 (10 назв.) | ||
| 606 | 1 |
_aСточные воды городов _jУчебные издания для высших учебных заведений _xОсадки _91707351 _3RU\NLR\AUTH\661058385 |
|
| 686 |
_aН761.204.5я73-1 _2rubbk |
||
| 686 | 1 | _aН761.204.5я73-1 | |
| 701 | 1 |
_aКулаков _bА. А. _gАртем Алексеевич |
|
| 701 | 1 |
_aЛатышева _bЕ. А. _gЕкатерина Александровна |
|
| 701 | 1 |
_aГлебова _bО. А. _gОльга Александровна |
|
| 701 | 1 |
_aТерехова _bЕ. М. _gЕлена Михайловна |
|
| 942 | _cBOOK | ||
| 980 | _aNBR | ||